| 000 | 00345nam a22001457a 4500 | ||
|---|---|---|---|
| 999 |
_c10587 _d10587 |
||
| 003 | OSt | ||
| 008 | 210327b ||||| |||| 00| 0 eng d | ||
| 020 | _a9788127210977 | ||
| 100 | _aSODHIA, Manmeet | ||
| 245 | _aGarment Construction | ||
| 260 |
_aNew Delhi _bKalyani Publishers _c2015 |
||
| 300 | _a66 | ||
| 650 | _aTextile | ||
| 942 |
_2ddc _cBK _01 |
||